| 000 | 00424nam a22001337a 4500 | ||
|---|---|---|---|
| 040 | _cNUST | ||
| 082 | _a200 THE | ||
| 100 |
_aHareem Fatima _984082 |
||
| 110 |
_aSupervisor Dr. Muhammed Mubasher Saleem _984083 |
||
| 245 | _aTH-SOF-1910-Design and Analysis of a Capacitive In-Plane RF MEMS Switch for 5G Applications | ||
| 260 |
_aISLAMABAD: _bNUST COLLEGE OF EME, _c2021. |
||
| 650 |
_aMS-MTS-17 _984084 |
||
| 942 |
_2ddc _cTHE |
||
| 999 |
_c586736 _d586736 |
||